000 02480cam a2200553 i 4500
001 xx004655891
003 NUKAT
005 20260408123255.0
008 190703s2019 pl |001 0 pol c
020 _a9788380986329
_q(oprawa twarda) :
_czł 35,00
035 _a(OCoLC)1111756447
035 _a(NUKAT)xx004655891
040 _aWA M/MKI
_bpol
_erda
_cWA M/MKI
_dWA M/HB
_dGD U/MJs
_dKAT U/AW
_dWA U/ZZ
_dWA 14/ABs
_dOLSZT 008/bak
045 2 _bd1989
_bd1990
046 _k2019
100 1 _aKozłowski, Tomasz
_d(1984- ).
_eAutor
_920218
245 1 0 _aKoniec imperium MSW :
_btransformacja organów bezpieczeństwa państwa 1989-1990 /
_cTomasz Kozłowski ; Instytut Pamięci Narodowej. Komisja Ścigania Zbrodni Przeciwko Narodowi Polskiemu.
260 _aWarszawa :
_bInstytut Pamięci Narodowej. Komisja Ścigania Zbrodni Przeciwko Narodowi Polskiemu,
_c2019.
300 _a327, [1] strona ;
_c21 cm.
336 _aTekst
_btxt
_2rdacontent
337 _aBez urządzenia pośredniczącego
_bn
_2rdamedia
338 _aWolumin
_bnc
_2rdacarrier
380 _aKsiążki
380 _aPublikacje naukowe
388 1 _a2001-
504 _aBibliografia na stronach 302-316. Indeks.
610 2 7 _aMinisterstwo Spraw Wewnętrznych (Polska ; 1954-1996)
_2DBN
_939406
610 2 7 _aSłużba Bezpieczeństwa (SB ; Polska)
_2DBN
_939640
610 2 7 _aUrząd Ochrony Państwa (Polska)
_2DBN
_939641
610 1 7 _aPolska.
_bSłużba Bezpieczeństwa
_xhistoria.
_2kaba
_939642
610 1 7 _aPolska.
_bUrząd Ochrony Państwa
_xhistoria.
_2kaba
_939643
610 1 7 _aPolska.
_bMinisterstwo Spraw Wewnętrznych (1954-1996).
_2kaba
_939148
648 7 _a1901-2000
_2DBN
_934996
648 7 _a1989-2000
_2DBN
_936156
650 7 _aReforma
_2DBN
_936143
650 7 _aSłużby specjalne
_2DBN
_939644
650 7 _aTransformacja systemu społeczno-gospodarczego
_2DBN
_937459
650 7 _aWeryfikacja kadr
_2DBN
_939645
650 7 _aSłużby wywiadowcze
_zPolska
_y1970-2000.
_2kaba
_939646
651 7 _aPolska
_2DBN
_935076
655 7 _aMonografia
_2DBN
_935240
658 _aBezpieczeństwo i wojskowość
658 _aHistoria
658 _aPolityka, politologia, administracja publiczna
710 2 _aInstytut Pamięci Narodowej - Komisja Ścigania Zbrodni przeciwko Narodowi Polskiemu.
_eInstytucja sprawcza
_eWydawca
_4pbl
_911792
710 2 _aRok 1989 - Mechanizmy Transformacji Ustrojowej.
_939639
920 _a978-83-8098-632-9 (oprawa twarda) : zł 35,00
942 _2ddc
_cBK_NM
999 _c27472
_d27472